| 000 | 00626nam a2200133Ia 4500 | ||
|---|---|---|---|
| 008 | 100328s9999 xx 000 0 und d | ||
| 082 | _b59186 | ||
| 100 | _aदेशपांडे चं.प्र. | ||
| 245 | _aसमस्या सोडवण्याचा सराव (संमिश्र एकांकिका). | ||
| 260 | _bआभा. | ||
| 630 | _aसमस्या सोडवण्याचा सराव (संमिश्र एकांकिका). | ||
| 730 | _aसमस्या सोडवण्याचा सराव (संमिश्र एकांकिका). | ||
| 942 | _cBOOK | ||
| 999 |
_c545443 _d545440 |
||